| 000 | 00777nam a2200277Ia 4500 | ||
|---|---|---|---|
| 001 | D1492 | ||
| 003 | IT-RoPAU | ||
| 008 | 130308s9999 xx 000 0 und d | ||
| 040 | _aIT-RoPAU | ||
| 040 | _cIT-RoPAU | ||
| 041 | _aITALIANO | ||
| 100 | _aRicheri Giuseppe | ||
| 100 | _gCodice Aut. SPICS: 2060 | ||
| 245 | _aEconomia delle reti | ||
| 245 | _bCibernauti. Tecnologia, Comunicazione, Democrazia-3-Internet e Il futuro della Comunicazione | ||
| 250 | _a1a ed. | ||
| 260 | _aROMA | ||
| 260 | _bCastelvecchi | ||
| 260 | _c1995 [1° Ed.:1995 - Ed.Ling.Originale:1995] | ||
| 300 | _a"9 p. (prefazione: no ; testo: 9 [pagine: 37-45])" | ||
| 650 | _aSAGGI DI INFORMATICA | ||
| 650 | _eCodice materia Spics: 4207 | ||
| 942 | _cBK | ||
| 957 | _71 | ||
| 999 |
_c81399 _d81399 |
||
| 999 | _g1 | ||